[Event "2015 Lethbridge Open"]
[Site "Lethbridge"]
[Date "2015.04.11"]
[Round "1.1"]
[White "Anderson, Mark"]
[Black "Pechenkin, Vladimir"]
[Result "0-1"]
[WhiteElo "1721"]
[BlackElo "2389"]
[PlyCount "74"]
[EventDate "2015.04.11"]
[EventType "swiss"]
[EventRounds "5"]
[EventCountry "CAN"]

1. d4 f5 2. c4 Nf6 3. Nc3 d6 4. Bg5 e6 5. e3 Be7 6. Nf3 O-O 7. Be2 a5 8. Qc2
Nc6 9. Rd1 Qe8 10. Nb5 Bd8 11. a3 e5 12. dxe5 dxe5 13. Nc3 e4 14. Nd4 Nxd4 15.
Rxd4 Qg6 16. h4 h6 17. Bf4 Qxg2 18. Rf1 c6 19. Qb3 Kh7 20. Bd6 Rh8 21. c5 Ng4
22. Bxg4 Qxg4 23. Ne2 Qxh4 24. Be5 Bf6 25. Bg3 Qh5 26. Nf4 Qe8 27. Rd2 Rf8 28.
Rh1 Qf7 29. Qd1 Be6 30. Nxe6 Qxe6 31. Qh5 Rad8 32. Bf4 Be5 33. Rxd8 Rxd8 34.
Bxe5 Qxe5 35. Rg1 Qf6 36. Rg3 Rd5 37. Kf1 f4 0-1

[Event "2015 Lethbridge Open"]
[Site "Lethbridge"]
[Date "2015.04.11"]
[Round "1.2"]
[White "Nguyen, Kim"]
[Black "Davies, Jack"]
[Result "0-1"]
[WhiteElo "2222"]
[BlackElo "1692"]
[PlyCount "56"]
[EventDate "2015.04.11"]
[EventType "swiss"]
[EventRounds "5"]
[EventCountry "CAN"]

1. e4 c5 2. Nf3 d6 3. d4 cxd4 4. Nxd4 Nf6 5. Nc3 a6 6. h3 b5 7. Bd3 Bb7 8. Qe2
Nbd7 9. O-O e6 10. f4 Qc7 11. Nf3 e5 12. Nh4 b4 13. Nd1 g6 14. c3 Nc5 15. Bc2
Ncxe4 16. fxe5 dxe5 17. Ba4+ Bc6 18. Bg5 Nd7 19. Qc4 Bc5+ 20. Be3 O-O 21. Bxc5
Bxa4 22. Qxe4 Qxc5+ 23. Kh1 Bb5 24. Re1 bxc3 25. Nxc3 Bc6 26. Qg4 Qd4 27. Qg3
Rae8 28. Rf1 e4 0-1

[Event "2015 Lethbridge Open"]
[Site "Lethbridge"]
[Date "2015.04.11"]
[Round "1.4"]
[White "Steele, Len"]
[Black "Viminitz, Paul"]
[Result "1-0"]
[WhiteElo "1748"]
[BlackElo "1538"]
[PlyCount "33"]
[EventDate "2015.04.11"]
[EventType "swiss"]
[EventRounds "5"]
[EventCountry "CAN"]

1. Nf3 b6 2. e4 Bb7 3. Nc3 g6 4. d3 Bg7 5. Be3 d6 6. Qd2 Nf6 7. O-O-O O-O 8. h3
Nbd7 9. Bh6 e5 10. Bxg7 Kxg7 11. Rg1 Nc5 12. g4 Ne6 13. Ne2 d5 14. g5 Nh5 15.
Nxe5 dxe4 16. Qc3 f6 17. dxe4 1-0

[Event "2015 Lethbridge Open"]
[Site "Lethbridge"]
[Date "2015.04.11"]
[Round "1.5"]
[White "Mikusek, Jerry"]
[Black "Zeggelaar, Mike"]
[Result "0-1"]
[WhiteElo "1518"]
[BlackElo "1880"]
[PlyCount "50"]
[EventDate "2015.04.11"]
[EventType "swiss"]
[EventRounds "5"]
[EventCountry "CAN"]

1. d4 Nf6 2. Bf4 g6 3. e3 Bg7 4. c4 O-O 5. Nc3 c6 6. b4 d6 7. Nf3 Nfd7 8. Bd3
e5 9. dxe5 dxe5 10. Bg5 f6 11. Bh4 g5 12. Bg3 f5 13. Qc2 e4 14. Nxe4 Bxa1 15.
Nexg5 Qf6 16. Ke2 Be5 17. Bh4 Qg6 18. c5 Bg7 19. g4 Nf6 20. Ne5 Qh6 21. Qc4+
Nd5 22. gxf5 Bxf5 23. Rg1 Bxd3+ 24. Qxd3 Qxh4 25. Ngf7 Rxf7 0-1

[Event "2015 Lethbridge Open"]
[Site "Lethbridge"]
[Date "2015.04.11"]
[Round "1.6"]
[White "Quiring, John"]
[Black "Scholz, Mike"]
[Result "1/2-1/2"]
[WhiteElo "1904"]
[BlackElo "1440"]
[PlyCount "125"]
[EventDate "2015.04.11"]
[EventType "swiss"]
[EventRounds "5"]
[EventCountry "CAN"]

1. e4 Nc6 2. d4 d6 3. Bc4 e6 4. Nc3 Be7 5. Be3 Nf6 6. Qd2 Nxe4 7. Nxe4 d5 8.
Bb5 dxe4 9. Bxc6+ bxc6 10. Ne2 O-O 11. Nc3 f5 12. g4 Bb4 13. a3 Bxc3 14. Qxc3
f4 15. Bd2 Bb7 16. h4 Qd5 17. Rh2 Rad8 18. Qb4 Qb5 19. Rd1 e3 20. fxe3 fxe3 21.
Bxe3 Rf1+ 22. Kd2 Rxd1+ 23. Kxd1 Qxb4 24. axb4 a6 25. Rf2 e5 26. c3 exd4 27.
Rd2 d3 28. g5 Rd7 29. Bd4 Kf7 30. Rxd3 Kg6 31. Re3 Kf7 32. Kc2 Rd8 33. Bc5 Re8
34. Rd3 Bc8 35. Rf3+ Kg6 36. Rf4 Bf5+ 37. Kb3 Re4 38. Rxe4 Bxe4 39. Ka4 Kh5 40.
Bf2 Kg4 41. Ka5 Bd3 42. b3 Kf3 43. Be1 Ke2 44. Bg3 Kd1 45. Be5 g6 46. c4 Kc2
47. Ka4 Be2 48. Bxc7 Kb2 49. Be5+ Kc2 50. Bd6 Kc3 51. Bc5 Kc2 52. Ka5 Kxb3 53.
Kxa6 Kxc4 54. Kb6 Kd5 55. Kc7 Bb5 56. Kd7 Ke5 57. Ke7 Kf4 58. Bf2 Kf3 59. Be1
Kg4 60. Kf7 Kh5 61. Kg7 Bd3 62. Kxh7 Be4 63. Bf2 1/2-1/2

[Event "2015 Lethbridge Open"]
[Site "Lethbridge"]
[Date "2015.04.11"]
[Round "1.7"]
[White "Schech, Roland"]
[Black "Bentley, Bill"]
[Result "1/2-1/2"]
[WhiteElo "1593"]
[BlackElo "1888"]
[PlyCount "107"]
[EventDate "2015.04.11"]
[EventType "swiss"]
[EventRounds "5"]
[EventCountry "CAN"]

1. b3 e5 2. Bb2 Nc6 3. e3 Nf6 4. c4 Be7 5. Nf3 d6 6. Be2 O-O 7. O-O h6 8. Nc3
Bf5 9. a3 Qd7 10. d3 Rfe8 11. Nd5 Nxd5 12. cxd5 Nd8 13. e4 Bh7 14. d4 exd4 15.
Bd3 Bf6 16. Re1 c5 17. a4 a6 18. Qd2 Be5 19. h3 Bf6 20. a5 g5 21. b4 Rc8 22.
Rac1 Bg7 23. Rc2 f6 24. Ba3 Qa4 25. Ra2 Nf7 26. bxc5 dxc5 27. Bxc5 Qd7 28. Bxd4
Nd6 29. e5 fxe5 30. Bxh7+ Kxh7 31. Nxe5 Qb5 32. Bb2 Rc5 33. Qd3+ Qxd3 34. Nxd3
Rxe1+ 35. Nxe1 Bxb2 36. Rxb2 Rxd5 37. Rb6 Nc4 38. Rxb7+ Kg6 39. Rc7 Nxa5 40.
Kh2 Rd6 41. Nf3 Nb3 42. Kg3 a5 43. h4 Nd4 44. Ne5+ Kf5 45. Nf7 Rf6 46. Rc5+ Ke6
47. Nd8+ Ke7 48. hxg5 hxg5 49. Nb7 Ne2+ 50. Kg4 Rxf2 51. Rxa5 Rxg2+ 52. Kf3 Rh2
53. Rxg5 Nd4+ 54. Ke3 1/2-1/2

[Event "2015 Lethbridge Open"]
[Site "Lethbridge"]
[Date "2015.04.11"]
[Round "1.8"]
[White "Panteluk, Steven"]
[Black "Berndtsson, Kurt"]
[Result "1-0"]
[WhiteElo "1780"]
[BlackElo "1271"]
[PlyCount "69"]
[EventDate "2015.04.11"]
[EventType "swiss"]
[EventRounds "5"]
[EventCountry "CAN"]

1. d4 Nf6 2. Nf3 e6 3. c4 Bb4+ 4. Bd2 c5 5. Nc3 d5 6. e3 O-O 7. Be2 Nbd7 8. O-O
b6 9. a3 Bxc3 10. Bxc3 Bb7 11. b4 Ne4 12. Bb2 f5 13. dxc5 bxc5 14. bxc5 Nexc5
15. Rb1 Nf6 16. Ne5 Qe8 17. Bf3 Rd8 18. Qc2 Nce4 19. Rfd1 Ng4 20. Nxg4 fxg4 21.
Bxe4 dxe4 22. Rxd8 Qxd8 23. Bxg7 Rf7 24. Bd4 Bc6 25. Rb4 h5 26. Qb2 Kh7 27. g3
h4 28. Rb8 Qd7 29. Rh8+ Kg6 30. Rxh4 Kg5 31. Qb8 Qe8 32. Qe5+ Rf5 33. Qg7+ Qg6
34. Rxg4+ Kh5 35. Qxg6# 1-0

[Event "2015 Lethbridge Open"]
[Site "Lethbridge"]
[Date "2015.04.11"]
[Round "2.1"]
[White "Pechenkin, Vladimir"]
[Black "Panteluk, Steven"]
[Result "1-0"]
[WhiteElo "2389"]
[BlackElo "1780"]
[PlyCount "81"]
[EventDate "2015.04.11"]
[EventType "swiss"]
[EventRounds "5"]
[EventCountry "CAN"]

1. c4 Nf6 2. g3 Nc6 3. Bg2 b6 4. d4 Bb7 5. Nf3 e6 6. O-O d5 7. cxd5 Nxd5 8. e4
Nf6 9. Nc3 Be7 10. Re1 O-O 11. Bf4 a6 12. a3 Na5 13. b4 Nc4 14. Qb3 b5 15. Rad1
c6 16. Ne5 a5 17. Nxc4 axb4 18. axb4 bxc4 19. Qxc4 Qb6 20. b5 Rfd8 21. bxc6 Ba6
22. Na4 Qa5 23. Qc2 Rxd4 24. Nb2 Rxd1 25. Rxd1 h6 26. h3 g5 27. Be3 Rc8 28. Rc1
Bb5 29. Nc4 Qa6 30. Ne5 Bd6 31. Qc3 Bxe5 32. Qxe5 Nd7 33. cxd7 Rxc1+ 34. Bxc1
Bxd7 35. Bb2 Kf8 36. Qh8+ Ke7 37. Bf6+ Kd6 38. Qb8+ Kc5 39. Be7+ Kd4 40. Qb2+
Kc4 41. Bf1# 1-0

[Event "2015 Lethbridge Open"]
[Site "Lethbridge"]
[Date "2015.04.11"]
[Round "2.2"]
[White "Tran-Ly, Tristan"]
[Black "Steele, Len"]
[Result "1-0"]
[WhiteElo "2109"]
[BlackElo "1748"]
[PlyCount "60"]
[EventDate "2015.04.11"]
[EventType "swiss"]
[EventRounds "5"]
[EventCountry "CAN"]

1. d4 d5 2. c4 e6 3. Nc3 Nf6 4. cxd5 exd5 5. Bg5 Be7 6. e3 O-O 7. Bd3 c6 8.
Nge2 h6 9. Bh4 Nbd7 10. f3 Re8 11. O-O Nf8 12. Qc2 c5 13. Bf2 Ne6 14. Rad1 cxd4
15. exd4 Bd7 16. Qb3 Bc6 17. Ng3 Bf8 18. Bb1 Rc8 19. Qc2 Nf4 20. Qd2 Ng6 21.
Rfe1 Qb6 22. Nf5 Rxe1+ 23. Rxe1 Re8 24. Rxe8 Bxe8 25. Ne3 Bb4 26. a3 Bxc3 27.
Qxc3 Nf4 28. Kh1 Ne2 29. Qd2 Bb5 30. a4 Bc4 1-0

[Event "2015 Lethbridge Open"]
[Site "Lethbridge"]
[Date "2015.04.11"]
[Round "2.3"]
[White "Zeggelaar, Mike"]
[Black "Davies, Jack"]
[Result "1-0"]
[WhiteElo "1880"]
[BlackElo "1692"]
[PlyCount "67"]
[EventDate "2015.04.11"]
[EventType "swiss"]
[EventRounds "5"]
[EventCountry "CAN"]

1. e4 c5 2. d4 cxd4 3. c3 dxc3 4. Nxc3 Nc6 5. Nf3 e6 6. Bc4 Bb4 7. O-O Bxc3 8.
bxc3 Nge7 9. Ba3 O-O 10. Bd6 Re8 11. Qd2 Ng6 12. Rad1 a6 13. a4 Qa5 14. Qc2 b5
15. axb5 Nd8 16. bxa6 Bxa6 17. Bb4 Qc7 18. Bxa6 Rxa6 19. Qd3 Ra7 20. Nd4 Ne5
21. Qe2 Qc4 22. Qxc4 Nxc4 23. Nb5 Ra2 24. Nc7 Rf8 25. Bxf8 Kxf8 26. Rxd7 Rd2
27. Rxd2 Nxd2 28. Rd1 Nxe4 29. Rxd8+ Ke7 30. Rd3 Nc5 31. Rh3 h6 32. Kf1 e5 33.
Ke2 Kd6 34. Ne8+ 1-0

[Event "2015 Lethbridge Open"]
[Site "Lethbridge"]
[Date "2015.04.11"]
[Round "2.4"]
[White "Koperski, Dustin"]
[Black "Quiring, John"]
[Result "1/2-1/2"]
[WhiteElo "1632"]
[BlackElo "1904"]
[PlyCount "48"]
[EventDate "2015.04.11"]
[EventType "swiss"]
[EventRounds "5"]
[EventCountry "CAN"]

1. e4 d6 2. d4 g6 3. Nc3 Bg7 4. Be2 Nf6 5. Be3 O-O 6. g4 c6 7. g5 Nfd7 8. Qd2
e5 9. d5 cxd5 10. Nxd5 Nc5 11. Bf3 Nc6 12. Ne2 Be6 13. O-O-O Rc8 14. h4 Bxd5
15. Bxc5 dxc5 16. Qxd5 Qa5 17. Qb3 Nd4 18. Nxd4 cxd4 19. Kb1 Rc7 20. h5 Rd8 21.
hxg6 hxg6 22. Be2 Rd6 23. Qb5 Qxb5 24. Bxb5 Bf8 1/2-1/2

[Event "2015 Lethbridge Open"]
[Site "Lethbridge"]
[Date "2015.04.11"]
[Round "2.5"]
[White "Bentley, Bill"]
[Black "Scholz, Mike"]
[Result "1-0"]
[WhiteElo "1888"]
[BlackElo "1440"]
[PlyCount "97"]
[EventDate "2015.04.11"]
[EventType "swiss"]
[EventRounds "5"]
[EventCountry "CAN"]

1. d4 g6 2. c4 Bg7 3. Nc3 c6 4. e4 e6 5. Nf3 Ne7 6. Be2 O-O 7. Be3 d6 8. Qd2
Nd7 9. Bh6 e5 10. Bxg7 Kxg7 11. O-O-O f6 12. g4 Ng8 13. g5 Qe7 14. gxf6+ Ndxf6
15. d5 c5 16. Rdf1 Bh3 17. Rfg1 a6 18. Rg3 Bg4 19. h3 Bxf3 20. Bxf3 b5 21. cxb5
axb5 22. Nxb5 Rxa2 23. Kc2 Qb7 24. Qd3 Rb8 25. Be2 Qa6 26. Rb1 Qa4+ 27. Kc1 Qb4
28. Re3 Ne8 29. Qb3 Qxb3 30. Rxb3 Ngf6 31. f3 Nh5 32. Kc2 Nf4 33. Bf1 Ra4 34.
Nxd6 Rxb3 35. Nxe8+ Kf7 36. Kxb3 Rb4+ 37. Kc3 Kxe8 38. Ra1 Rb8 39. Ra5 Kd8 40.
Rxc5 Rc8 41. b4 Rc7 42. Kc4 Rxc5+ 43. bxc5 Kc7 44. Kb5 g5 45. d6+ Kb8 46. c6
Kc8 47. Kb6 Ne6 48. Ba6+ Kb8 49. c7+ 1-0

[Event "2015 Lethbridge Open"]
[Site "Lethbridge"]
[Date "2015.04.11"]
[Round "2.6"]
[White "Brazeau, Robert"]
[Black "Schech, Roland"]
[Result "1-0"]
[WhiteElo "1837"]
[BlackElo "1593"]
[PlyCount "87"]
[EventDate "2015.04.11"]
[EventType "swiss"]
[EventRounds "5"]
[EventCountry "CAN"]

1. d4 Nf6 2. c4 g6 3. Nc3 Bg7 4. e4 d6 5. Be2 O-O 6. Nf3 Nfd7 7. O-O c6 8. Be3
Nb6 9. Qc2 d5 10. cxd5 cxd5 11. e5 Bg4 12. Rac1 Bf5 13. Bd3 Bxd3 14. Qxd3 Nc4
15. Bg5 Nxb2 16. Qe2 Nc4 17. Nxd5 Qxd5 18. Rxc4 Qd8 19. Rfc1 Nc6 20. Qe4 h6 21.
Bd2 e6 22. a4 Qd7 23. Rd1 Rfd8 24. Bb4 Nxb4 25. Rxb4 b6 26. Rb5 a6 27. Rxb6
Qxa4 28. Rdb1 a5 29. h3 Bf8 30. Qb7 Qd7 31. Qe4 Rac8 32. Qe3 Kg7 33. R6b3 a4
34. Rd3 a3 35. Ra1 Qb5 36. Rb3 Qc4 37. Qd3 Qc2 38. Ne1 Qc4 39. Nf3 Rc7 40. Qb1
Rdc8 41. Ra2 Qc1+ 42. Kh2 Qf4+ 43. g3 Qxf3 44. Rxf3 1-0

[Event "2015 Lethbridge Open"]
[Site "Lethbridge"]
[Date "2015.04.11"]
[Round "2.7"]
[White "Viminitz, Paul"]
[Black "Nguyen, Kim"]
[Result "0-1"]
[WhiteElo "1538"]
[BlackElo "2222"]
[PlyCount "46"]
[EventDate "2015.04.11"]
[EventType "swiss"]
[EventRounds "5"]
[EventCountry "CAN"]

1. Nf3 Nf6 2. b3 d5 3. g3 c5 4. Bg2 Nc6 5. Bb2 Qd6 6. d3 e5 7. O-O Bg4 8. Nbd2
Be7 9. e4 d4 10. Nc4 Qc7 11. Qd2 b5 12. Na3 Bxf3 13. Bxf3 a6 14. Nb1 Qd7 15. c3
h5 16. cxd4 cxd4 17. Bg2 h4 18. f4 hxg3 19. hxg3 Ng4 20. f5 Qd8 21. Qe2 Ne3 22.
Rf3 Nb4 23. Nd2 Rc8 0-1

[Event "2015 Lethbridge Open"]
[Site "Lethbridge"]
[Date "2015.04.11"]
[Round "2.8"]
[White "Berndtsson, Kurt"]
[Black "Anderson, Mark"]
[Result "0-1"]
[WhiteElo "1271"]
[BlackElo "1721"]
[PlyCount "80"]
[EventDate "2015.04.11"]
[EventType "swiss"]
[EventRounds "5"]
[EventCountry "CAN"]

1. e4 c6 2. Nc3 d5 3. d4 dxe4 4. Nxe4 Bf5 5. f3 Bxe4 6. fxe4 e6 7. Qd3 Be7 8.
e5 Bg5 9. Bd2 Bxd2+ 10. Qxd2 Ne7 11. O-O-O Qb6 12. Ne2 Nd7 13. Kb1 O-O-O 14.
Qg5 Ng6 15. Nc3 h6 16. Qg3 Rhg8 17. Ne4 Ndxe5 18. Qc3 Qc7 19. g3 Ne7 20. Be2
N5g6 21. Rd3 Nd5 22. Qa3 Kb8 23. Rb3 Nb6 24. Rd1 Ne7 25. Nc5 Nec8 26. Ba6 Nd6
27. Rb4 Ka8 28. b3 bxa6 29. Nxa6 Qc8 30. c4 Qd7 31. Rxb6 axb6 32. Nc5+ Qa7 33.
Na6 Rd7 34. c5 Nb5 35. Nc7+ Rxc7 36. Qb4 Rd8 37. Rc1 Rxd4 38. Qe1 Rcd7 39. Kb2
Qa3+ 40. Ka1 Rd2 0-1

[Event "2015 Lethbridge Open"]
[Site "Lethbridge"]
[Date "2015.04.11"]
[Round "3.1"]
[White "Zeggelaar, Mike"]
[Black "Tran-Ly, Tristan"]
[Result "0-1"]
[WhiteElo "1880"]
[BlackElo "2109"]
[PlyCount "64"]
[EventDate "2015.04.11"]
[EventType "swiss"]
[EventRounds "5"]
[EventCountry "CAN"]

1. e4 c6 2. d4 d5 3. Nc3 g6 4. e5 Bg7 5. Be3 Nh6 6. Qd2 Nf5 7. Bf4 h5 8. Nf3 b6
9. Bd3 Qd7 10. Qe2 a5 11. O-O Ba6 12. Rfe1 Bxd3 13. Qxd3 e6 14. Bg5 Qc8 15. Nh4
Nxh4 16. Bxh4 Qa6 17. Qg3 Nd7 18. Ne2 Rc8 19. Nf4 Nf8 20. c4 dxc4 21. d5 cxd5
22. Nxd5 exd5 23. e6 fxe6 24. Rxe6+ Nxe6 25. Qxg6+ Kd7 26. Qf7+ Kc6 27. Re1 Nc7
28. Re7 Qb7 29. Bg3 Rhe8 30. Qg6+ Kb5 31. Rxe8 Rxe8 32. a4+ Ka6 0-1

[Event "2015 Lethbridge Open"]
[Site "Lethbridge"]
[Date "2015.04.11"]
[Round "3.2"]
[White "Szulski, Adam"]
[Black "Bentley, Bill"]
[Result "0-1"]
[WhiteElo "1745"]
[BlackElo "1888"]
[PlyCount "64"]
[EventDate "2015.04.11"]
[EventType "swiss"]
[EventRounds "5"]
[EventCountry "CAN"]

1. e4 e6 2. d4 d5 3. Nd2 Nf6 4. e5 Nfd7 5. Ngf3 c5 6. c3 Nc6 7. Be2 Qb6 8. Qb3
cxd4 9. Qxb6 Nxb6 10. cxd4 a5 11. a3 a4 12. O-O Bd7 13. h3 Be7 14. Nh2 Nxd4 15.
Bd3 O-O 16. f4 Bc5 17. Kh1 Rac8 18. Ndf3 Nb3 19. Rb1 Rc7 20. g4 Rfc8 21. Bd2
Nxd2 22. Nxd2 Be3 23. Rbd1 Bc6 24. f5 Nc4 25. Nxc4 dxc4+ 26. Nf3 cxd3 27. Rxd3
Bb6 28. Rfd1 Bd5 29. Kh2 Rc2+ 30. Kg3 h6 31. Nd4 Rxb2 32. Nf3 Rb3 0-1

[Event "2015 Lethbridge Open"]
[Site "Lethbridge"]
[Date "2015.04.11"]
[Round "3.3"]
[White "Nguyen, Kim"]
[Black "Brazeau, Robert"]
[Result "1-0"]
[WhiteElo "2222"]
[BlackElo "1837"]
[PlyCount "35"]
[EventDate "2015.04.11"]
[EventType "swiss"]
[EventRounds "5"]
[EventCountry "CAN"]

1. e4 e6 2. d4 d5 3. Nd2 Nf6 4. e5 Nfd7 5. Bd3 c5 6. c3 Nc6 7. Ne2 Be7 8. Nf3
O-O 9. Nf4 cxd4 10. cxd4 Bb4+ 11. Kf1 Qe7 12. h4 f6 13. Bxh7+ Kxh7 14. Ng5+
fxg5 15. hxg5+ Kg8 16. Qh5 Rxf4 17. Qh8+ Kf7 18. g6+ 1-0

[Event "2015 Lethbridge Open"]
[Site "Lethbridge"]
[Date "2015.04.11"]
[Round "3.4"]
[White "Davies, Jack"]
[Black "Quiring, John"]
[Result "0-1"]
[WhiteElo "1692"]
[BlackElo "1904"]
[PlyCount "116"]
[EventDate "2015.04.11"]
[EventType "swiss"]
[EventRounds "5"]
[EventCountry "CAN"]

1. e4 c5 2. Nf3 Nc6 3. d4 cxd4 4. Nxd4 Nf6 5. Nc3 a6 6. Be3 g6 7. f3 Bg7 8. Qd2
Qc7 9. O-O-O d6 10. g4 Ne5 11. Bh6 O-O 12. h4 Nc4 13. Bxc4 Qxc4 14. Bxg7 Kxg7
15. h5 Rg8 16. hxg6 fxg6 17. Qh6+ Kf7 18. Qg5 Bd7 19. Qf4 e5 20. Qe3 exd4 21.
Rxd4 Qe6 22. Rhd1 Ne8 23. g5 Bc6 24. f4 Rd8 25. Qf3 Rf8 26. Qh1 Kg8 27. Qh6
Rxf4 28. Rh1 Rd7 29. Nd5 Bxd5 30. Rxd5 Rxe4 31. Rdd1 Rf7 32. b3 Re2 33. Qh4 Rc7
34. Kb1 Rexc2 35. Rhe1 Qf7 36. Qe4 Rc8 37. Rf1 Rf2 38. Rxf2 Qxf2 39. Qe6+ Kg7
40. Qxc8 Qf5+ 41. Qxf5 gxf5 42. Rf1 Kg6 43. Re1 Ng7 44. Re7 f4 45. Kc2 Nf5 46.
Rxb7 Kxg5 47. Rxh7 Kg4 48. Kd2 Kf3 49. Ke1 Ng3 50. Rd7 Ne4 51. Rc7 Ke3 52. Re7
f3 53. Rf7 d5 54. a4 a5 55. Re7 d4 56. Kd1 d3 57. Re5 f2 58. Rf5 Nc3+ 0-1

[Event "2015 Lethbridge Open"]
[Site "Lethbridge"]
[Date "2015.04.11"]
[Round "3.5"]
[White "Panteluk, Steven"]
[Black "Davis-Imhof, Peter"]
[Result "1-0"]
[WhiteElo "1780"]
[BlackElo "1608"]
[PlyCount "57"]
[EventDate "2015.04.11"]
[EventType "swiss"]
[EventRounds "5"]
[EventCountry "CAN"]

1. d4 f5 2. g3 Nf6 3. Bg2 e6 4. c4 d6 5. Nf3 Be7 6. O-O O-O 7. Nc3 Qe8 8. Qc2
Nbd7 9. Re1 Qg6 10. e4 fxe4 11. Nxe4 Nxe4 12. Rxe4 Nf6 13. Nh4 Qh5 14. Bf3 Qf7
15. Re2 Ne8 16. Be4 Bxh4 17. Bxh7+ Kh8 18. Bg6 Qf6 19. gxh4 Qxh4 20. Re3 Qxd4
21. Rh3+ Kg8 22. Be3 Qf6 23. Kg2 e5 24. Rg3 Bf5 25. Bxf5 Qxf5 26. Qd2 Rf6 27.
Rg1 Kf7 28. Bg5 Re6 29. Rf3 1-0

[Event "2015 Lethbridge Open"]
[Site "Lethbridge"]
[Date "2015.04.11"]
[Round "3.6"]
[White "Anderson, Mark"]
[Black "Koperski, Dustin"]
[Result "1-0"]
[WhiteElo "1721"]
[BlackElo "1632"]
[PlyCount "143"]
[EventDate "2015.04.11"]
[EventType "swiss"]
[EventRounds "5"]
[EventCountry "CAN"]

1. d4 Nf6 2. c4 c5 3. d5 d6 4. Nc3 e6 5. e4 exd5 6. exd5 g6 7. Bd3 Bg7 8. Nge2
O-O 9. O-O Bg4 10. f3 Bc8 11. Bg5 Nbd7 12. b3 Qc7 13. Rc1 Re8 14. Nb5 Qb8 15.
Qd2 a6 16. Nbc3 Ne5 17. Bb1 b5 18. Ne4 Nfd7 19. f4 Ng4 20. h3 Ngf6 21. Nxf6+
Nxf6 22. Ng3 bxc4 23. bxc4 Bd7 24. f5 gxf5 25. Bxf5 Bxf5 26. Rxf5 Ne4 27. Nxe4
Rxe4 28. Rcf1 Ra7 29. Bf6 Bxf6 30. Rxf6 Qf8 31. Qd3 Re5 32. Qg3+ Qg7 33. Qxg7+
Kxg7 34. Rxd6 Re2 35. Rf2 Re1+ 36. Kh2 Rc1 37. Rf4 Rc2 38. Rc6 Rxa2 39. Rxc5
Rd2 40. Ra5 f6 41. Rf3 Rc2 42. c5 Kf7 43. Re3 Re7 44. Rxe7+ Kxe7 45. Kg3 h6 46.
Kf3 h5 47. c6 Kd6 48. Rxa6 Kxd5 49. c7 Rxc7 50. Rxf6 Ke5 51. Rh6 Rf7+ 52. Kg3
Rg7+ 53. Kh2 Rg5 54. Ra6 Ke4 55. Ra4+ Ke3 56. Ra3+ Kf2 57. Rf3+ Ke2 58. Rf6 Ke3
59. h4 Rb5 60. Rf3+ Ke4 61. Kg3 Ra5 62. Kh3 Rb5 63. Rg3 Kf4 64. Rg6 Ra5 65. g3+
Kf3 66. Rg5 Ra1 67. Rf5+ Ke4 68. Rxh5 Kf3 69. Rf5+ Ke4 70. Rf2 Rh1+ 71. Kg4 Rb1
72. h5 1-0

[Event "2015 Lethbridge Open"]
[Site "Lethbridge"]
[Date "2015.04.12"]
[Round "4.1"]
[White "Tran-Ly, Tristan"]
[Black "Bentley, Bill"]
[Result "1-0"]
[WhiteElo "2109"]
[BlackElo "1888"]
[PlyCount "77"]
[EventDate "2015.04.11"]
[EventType "swiss"]
[EventRounds "5"]
[EventCountry "CAN"]

1. d4 e6 2. c4 f5 3. g3 Nf6 4. Bg2 d5 5. Nf3 c6 6. b3 Bd6 7. O-O Qe7 8. Ne5
Nbd7 9. Nd3 O-O 10. Bb2 e5 11. dxe5 Nxe5 12. cxd5 cxd5 13. Nxe5 Bxe5 14. Nc3
Be6 15. Nxd5 Nxd5 16. Bxe5 Rfd8 17. Qd4 Nb6 18. Qb2 Bd5 19. Bh3 Re8 20. Bd4 Qe4
21. f3 Qxe2 22. Qxe2 Rxe2 23. Bxf5 Rf8 24. Bg4 Rd2 25. Rad1 Rxd1 26. Rxd1 Bc6
27. a4 Re8 28. Kf2 g6 29. a5 Nc8 30. Bxc8 Rxc8 31. Bxa7 Bb5 32. Rd2 Rc3 33. b4
Bc6 34. Be3 Rb3 35. Rd4 Rb2+ 36. Bd2 Rb3 37. Bh6 Rxf3+ 38. Ke2 Kf7 39. b5 1-0

[Event "2015 Lethbridge Open"]
[Site "Lethbridge"]
[Date "2015.04.12"]
[Round "4.2"]
[White "Quiring, John"]
[Black "Nguyen, Kim"]
[Result "0-1"]
[WhiteElo "1904"]
[BlackElo "2222"]
[PlyCount "72"]
[EventDate "2015.04.11"]
[EventType "swiss"]
[EventRounds "5"]
[EventCountry "CAN"]

1. e4 d5 2. exd5 Qxd5 3. d4 e5 4. Be3 Nc6 5. Nc3 Bb4 6. Qd2 Be6 7. Nf3 exd4 8.
Nxd4 Nxd4 9. Qxd4 Qxd4 10. Bxd4 f6 11. a3 Ba5 12. O-O-O O-O-O 13. Be2 Bxc3 14.
Bxc3 Ne7 15. b3 Nd5 16. Kb2 Rd6 17. h4 Rhd8 18. Bc4 c5 19. Rhe1 Nf4 20. Rxd6
Rxd6 21. Bxe6+ Rxe6 22. Rxe6 Nxe6 23. Bd2 Kd7 24. Kc3 b5 25. a4 a6 26. axb5
axb5 27. Kd3 Kd6 28. b4 Kd5 29. bxc5 Nxc5+ 30. Ke3 Kc4 31. g4 b4 32. g5 Nd7 33.
Ke4 g6 34. h5 Nc5+ 35. Kf3 f5 36. h6 Ne4 0-1

[Event "2015 Lethbridge Open"]
[Site "Lethbridge"]
[Date "2015.04.12"]
[Round "4.3"]
[White "Panteluk, Steven"]
[Black "Zeggelaar, Mike"]
[Result "0-1"]
[WhiteElo "1780"]
[BlackElo "1880"]
[PlyCount "52"]
[EventDate "2015.04.11"]
[EventType "swiss"]
[EventRounds "5"]
[EventCountry "CAN"]

1. d4 Nf6 2. Nf3 g6 3. g3 Bg7 4. Bg2 O-O 5. c4 c5 6. O-O cxd4 7. Nxd4 Nc6 8.
Nc3 Qb6 9. Ndb5 a6 10. Be3 Qa5 11. Nd4 Qh5 12. f3 Ne5 13. b3 Neg4 14. fxg4 Nxg4
15. Rf3 e5 16. Nc2 d5 17. Bc5 e4 18. Bxf8 Qxh2+ 19. Kf1 exf3 20. exf3 Bxc3 21.
fxg4 Kxf8 22. Rb1 Qxg3 23. Qxd5 Bxg4 24. c5 Kg8 25. Qxb7 Re8 26. Qd5 Re2 0-1

[Event "2015 Lethbridge Open"]
[Site "Lethbridge"]
[Date "2015.04.12"]
[Round "4.4"]
[White "Steele, Len"]
[Black "Anderson, Mark"]
[Result "1/2-1/2"]
[WhiteElo "1748"]
[BlackElo "1721"]
[PlyCount "95"]
[EventDate "2015.04.11"]
[EventType "swiss"]
[EventRounds "5"]
[EventCountry "CAN"]

1. Nf3 Nf6 2. d4 d5 3. c3 c5 4. g3 Nc6 5. Bg2 Bg4 6. h3 Bf5 7. Nh4 Be4 8. dxc5
Bxg2 9. Nxg2 a5 10. Bg5 Ne4 11. Be3 e6 12. Nd2 Nxc5 13. Nb3 Ne4 14. Nd2 Nd6 15.
Bc5 Be7 16. e4 dxe4 17. Bxd6 Qxd6 18. Nxe4 Qc7 19. O-O Rd8 20. Qe2 Qe5 21. f4
Qc7 22. Rad1 O-O 23. Kh2 Rxd1 24. Rxd1 Rd8 25. Rxd8+ Qxd8 26. Ne3 Qd7 27. Qd2
Qxd2+ 28. Nxd2 f5 29. Kg2 Kf7 30. Nf3 b5 31. Nc2 Bf6 32. Ncd4 Nxd4 33. cxd4 Ke7
34. Kf2 Kd6 35. Ke3 Kd5 36. Kd3 Bd8 37. h4 h5 38. b3 Bb6 39. Ke3 a4 40. Kd3 Ba5
41. Ke3 axb3 42. axb3 Bd8 43. Kd3 Ba5 44. Ke3 Bc3 45. Kd3 Ba1 46. Ke3 Kc6 47.
Ng5 Kd6 48. Kd3 1/2-1/2

[Event "2015 Lethbridge Open"]
[Site "Lethbridge"]
[Date "2015.04.12"]
[Round "4.5"]
[White "Davies, Jack"]
[Black "Szulski, Adam"]
[Result "1-0"]
[WhiteElo "1692"]
[BlackElo "1745"]
[PlyCount "71"]
[EventDate "2015.04.11"]
[EventType "swiss"]
[EventRounds "5"]
[EventCountry "CAN"]

1. e4 c5 2. Nf3 d6 3. d4 cxd4 4. Nxd4 e6 5. Nc3 a6 6. Be3 Nf6 7. f4 Nc6 8. Qf3
e5 9. Nxc6 bxc6 10. fxe5 dxe5 11. Bc4 Bg4 12. Qg3 Bd6 13. Bg5 Bh5 14. O-O Bg6
15. Qf2 Be7 16. Rad1 Qa5 17. Be3 Qc7 18. Bb6 Qb7 19. Bc5 Bxc5 20. Qxc5 Nd7 21.
Qa3 f6 22. Rd6 Bf7 23. Be2 O-O 24. Na4 Rfd8 25. Rfd1 Qc7 26. Qd3 Be8 27. Bg4
Ra7 28. Qc4+ Kf8 29. Nc5 Bf7 30. Qc3 Bd5 31. Nxd7+ Rxd7 32. Rxd7 Qb6+ 33. Kh1
Rxd7 34. Bxd7 Bxe4 35. Qa3+ Kf7 36. Qb3+ 1-0